Statistics for Bloodbath Creators

Click here to take the quiz!

General Stats

  • This quiz has been taken 11 times
  • The average score is 5 of 11

Answer Stats

HintAnswer% Correct
11Riot
100%
3Michigun
67%
6ASonicMen
33%
5Crack
33%
7Etzer
33%
4Evasium
33%
10GgBoy
33%
9GironDavid
33%
8Havok
33%
2Vermillion
33%
1weoweoteo
33%

Score Distribution

Percentile by Number Answered

Percent of People with Each Score

Your Score History

You have not taken this quiz